The nation betrayed: or about those who left (Record no. 57285)

000 -LEADER
fixed length control field 01077pab a2200157 454500
008 - FIXED-LENGTH DATA ELEMENTS--GENERAL INFORMATION
fixed length control field 180718b2003 xxu||||| |||| 00| 0 eng d
100 ## - MAIN ENTRY--PERSONAL NAME
Personal name Ray, Krishnendu
245 ## - TITLE STATEMENT
Title The nation betrayed: or about those who left
260 ## - PUBLICATION, DISTRIBUTION, ETC.
Date of publication, distribution, etc. 2003
300 ## - PHYSICAL DESCRIPTION
Extent p.2722-729.
362 ## - DATES OF PUBLICATION AND/OR SEQUENTIAL DESIGNATION
Dates of publication and/or sequential designation 28 Jun
520 ## - SUMMARY, ETC.
Summary, etc. While agreeing in substance with Ramachandra Guha's critique of expatriate Indian intellectuals, that commentary is extended here to (a) point to an important impediment in their intellectual project coming in the way of their taking their migrant status seriously and hence interrogating their milieu with greater rigour; and (b) reply to grounded patriots that there are other legitimate albeit unstable locations from which to construct a social science. Turning to Guha's peculiar smugness about `relevance', it is argued that in talking of discourse and deployment of power within intellectual communities, the nation may not be the only legitimate category of analysis. - Reproduced.
650 ## - SUBJECT ADDED ENTRY--TOPICAL TERM
Topical term or geographic name entry element Intelligentsia
773 ## - HOST ITEM ENTRY
Main entry heading Economic and Political Weekly
909 ## -
-- 57285
Holdings
Withdrawn status Lost status Damaged status Not for loan Permanent Location Current Location Date acquired Serial Enumeration / chronology Barcode Date last seen Price effective from Koha item type
        Indian Institute of Public Administration Indian Institute of Public Administration 2018-07-19 Volume no: 38, Issue no: 26 AR57730 2018-07-19 2018-07-19 Articles

Powered by Koha